[Event "Oberliga Ost A"]
[Site "?"]
[Date "2023.02.05"]
[Round "7.5"]
[White "Butscher, Daniel"]
[Black "Richter, Dustin"]
[Result "0-1"]
[WhiteElo "2133"]
[BlackElo "2190"]
[PlyCount "60"]
[EventDate "2022.09.18"]
[EventType "team-tourn"]
[EventCountry "GER"]
[WhiteTeam "Sangerhausen SV"]
[BlackTeam "Dresden SG Gruen Weiss"]
[WhiteTeamCountry "GER"]
[BlackTeamCountry "GER"]

1. e4 e5 2. Bc4 Nf6 3. d4 exd4 4. Nf3 d6 5. O-O Be7 6. Re1 O-O 7. Nxd4 Re8 8. Nc3 Bf8 9. h3 Nbd7 10. Nf3 Nc5 11. Bf4 Be6 12. Qd4 Qd7 13. Rad1 Bxc4 14. Qxc4 Qe6 15. Qd4 Ncxe4 16. Nxe4 Nxe4 17. Ng5 Nxg5 18. Rxe6 Nxe6 19. Qd2 Be7 20. Be3 Bf6 21. c4 a5 22. b3 a4 23. b4 a3 24. Qd5 c6 25. Qf5 Ra4 26. g4 Rxb4 27. Rxd6 Rb2 28. g5 Bxg5 29. Rxe6 Rxe6 30. Qxg5 Rg6 0-1

[Event "Oberliga Ost A"]
[Site "?"]
[Date "2023.02.05"]
[Round "7.6"]
[White "Guenther, Christian"]
[Black "Nake, Matthias"]
[Result "1/2-1/2"]
[WhiteElo "2132"]
[BlackElo "2151"]
[PlyCount "49"]
[EventDate "2022.09.18"]
[EventType "team-tourn"]
[EventCountry "GER"]
[WhiteTeam "Dresden SG Gruen Weiss"]
[BlackTeam "Sangerhausen SV"]
[WhiteTeamCountry "GER"]
[BlackTeamCountry "GER"]

1. d4 Nf6 2. c4 g6 3. Nc3 d5 4. cxd5 Nxd5 5. e4 Nxc3 6. bxc3 Bg7 7. Bc4 O-O 8. Ne2 c5 9. O-O cxd4 10. cxd4 Nc6 11. Be3 Bg4 12. f3 Na5 13. Bxf7+ Rxf7 14. fxg4 Rxf1+ 15. Kxf1 Rc8 16. Rc1 Nc4 17. Qb3 b5 18. a4 a6 19. axb5 axb5 20. Kg1 Kh8 21. Bf2 Qa5 22. Be1 Qb6 23. Bf2 Qa5 24. Be1 Qb6 25. Bf2 1/2-1/2

[Event "Oberliga Ost A"]
[Site "?"]
[Date "2023.02.05"]
[Round "7.7"]
[White "Kunze, Christopher"]
[Black "Ellemann, Stefan"]
[Result "1-0"]
[WhiteElo "2098"]
[BlackElo "2027"]
[PlyCount "47"]
[EventDate "2022.09.18"]
[EventType "team-tourn"]
[EventCountry "GER"]
[WhiteTeam "Sangerhausen SV"]
[BlackTeam "Dresden SG Gruen Weiss"]
[WhiteTeamCountry "GER"]
[BlackTeamCountry "GER"]

1. e4 c6 2. d3 d5 3. Nd2 e5 4. g3 Bd6 5. Bg2 Ne7 6. Ngf3 O-O 7. O-O Nd7 8. c3 f5 9. Re1 h6 10. b4 a5 11. Qb3 a4 12. Qc2 Qe8 13. a3 Qf7 14. Bb2 g5 15. exd5 cxd5 16. c4 d4 17. c5 Bc7 18. Nc4 Ng6 19. Qe2 g4 20. Nfd2 h5 21. f3 gxf3 22. Nxf3 h4 23. Ng5 Qf6 24. Bd5+ 1-0

[Event "Oberliga Ost A"]
[Site "?"]
[Date "2023.02.05"]
[Round "7.8"]
[White "Buerckner, Georg"]
[Black "Hutsch, Oliver"]
[Result "1-0"]
[WhiteElo "2009"]
[BlackElo "2131"]
[PlyCount "95"]
[EventDate "2022.09.18"]
[EventType "team-tourn"]
[EventCountry "GER"]
[WhiteTeam "Dresden SG Gruen Weiss"]
[BlackTeam "Sangerhausen SV"]
[WhiteTeamCountry "GER"]
[BlackTeamCountry "GER"]

1. e4 c6 2. c4 d5 3. exd5 cxd5 4. cxd5 Qxd5 5. d4 Nf6 6. Nf3 e6 7. Bd3 Bd7 8. O-O Bc6 9. Bg5 Nbd7 10. Nc3 Qa5 11. Bxf6 gxf6 12. Be4 Bxe4 13. Nxe4 f5 14. Ng3 Qd5 15. Re1 Bd6 16. Rc1 Rg8 17. Qa4 b5 18. Qc2 Bf4 19. Rcd1 Kf8 20. Ne5 Rd8 21. Nd3 Bg5 22. Nb4 Qd6 23. a3 a5 24. d5 e5 25. Nc6 Re8 26. Qxf5 Bf4 27. Ne4 Qg6 28. Qxg6 hxg6 29. Nxa5 f5 30. Nc3 b4 31. axb4 e4 32. g3 Bd6 33. Nc6 Nb6 34. Nb5 Be5 35. d6 Nd7 36. Nc7 Rc8 37. Nxe5 Nxe5 38. d7 Rd8 39. Ne6+ Ke7 40. Nxd8 Rxd8 41. Kg2 Kf7 42. Re3 Nc4 43. Rb3 Ke7 44. b5 Nb6 45. f3 exf3+ 46. Kxf3 Nxd7 47. Re3+ Kf7 48. Kg2 1-0

[Event "Oberliga Ost A"]
[Site "?"]
[Date "2023.02.05"]
[Round "7.1"]
[White "Bures, Jaroslav"]
[Black "Hoepfl, Thomas"]
[Result "1-0"]
[WhiteElo "2409"]
[BlackElo "2265"]
[PlyCount "73"]
[EventDate "2022.09.18"]
[EventType "team-tourn"]
[EventCountry "GER"]
[WhiteTeam "Sangerhausen SV"]
[BlackTeam "Dresden SG Gruen Weiss"]
[WhiteTeamCountry "GER"]
[BlackTeamCountry "GER"]

1. d4 Nf6 2. c4 e6 3. Nf3 b6 4. g3 Ba6 5. b3 Bb4+ 6. Bd2 Be7 7. Bg2 c6 8. Bc3 O-O 9. Nbd2 d5 10. O-O Nbd7 11. Re1 Bb7 12. Rc1 Rc8 13. Bb2 c5 14. e3 dxc4 15. bxc4 Qc7 16. Qe2 Ne4 17. Nb3 Ndf6 18. Ne5 Nd6 19. dxc5 bxc5 20. Nd3 Bxg2 21. Kxg2 Nd7 22. Ba3 Qc6+ 23. Qf3 Qa4 24. Ndxc5 Nxc5 25. Bxc5 Qxa2 26. e4 Rb8 27. Nd4 Rfc8 28. Ra1 Qd2 29. Red1 Qg5 30. Bxd6 Bxd6 31. Rxa7 Rf8 32. Nc6 Qc5 33. e5 Rb6 34. Rxd6 Rxc6 35. Rxf7 Rcc8 36. Rxf8+ Rxf8 37. Qe2 1-0

[Event "Oberliga Ost A"]
[Site "?"]
[Date "2023.02.05"]
[Round "7.2"]
[White "Sukaylo, Aleksey"]
[Black "Hassemeier, Mika"]
[Result "0-1"]
[WhiteElo "2100"]
[BlackElo "2082"]
[PlyCount "76"]
[EventDate "2022.09.18"]
[EventType "team-tourn"]
[EventCountry "GER"]
[WhiteTeam "Hoyerswerde FVS ASP"]
[BlackTeam "Halle USV"]
[WhiteTeamCountry "GER"]
[BlackTeamCountry "GER"]

1. e4 c5 2. Nf3 d6 3. d4 cxd4 4. Nxd4 Nf6 5. Nc3 Nc6 6. Bg5 e6 7. Qd2 a6 8. Be2 Bd7 9. O-O Be7 10. Rfd1 Rc8 11. a4 O-O 12. Nb3 Ne5 13. Bxf6 gxf6 14. Qh6 Kh8 15. f4 Nc4 16. Rd3 Rg8 17. Rh3 Rg7 18. Bxc4 Rxc4 19. Kh1 Qg8 20. Nd2 Rb4 21. b3 Bc6 22. Nc4 b5 23. axb5 axb5 24. Na2 Rxc4 25. bxc4 Bxe4 26. Rg3 Rxg3 27. hxg3 Qxg3 28. Rg1 bxc4 29. Nb4 Kg8 30. Qh2 Qxh2+ 31. Kxh2 d5 32. Nc6 Bc5 33. Ra1 Bxc2 34. Kg3 d4 35. Ra8+ Kg7 36. Rd8 d3 37. f5 Ba4 38. Nd4 Bb6 0-1

[Event "Oberliga Ost A"]
[Site "?"]
[Date "2023.02.05"]
[Round "7.4"]
[White "Perekhozhuk, Maksym"]
[Black "Hovsepyan, Vardan"]
[Result "0-1"]
[WhiteElo "2000"]
[BlackElo "2254"]
[PlyCount "74"]
[EventDate "2022.09.18"]
[EventType "team-tourn"]
[EventCountry "GER"]
[WhiteTeam "Hoyerswerde FVS ASP"]
[BlackTeam "Halle USV"]
[WhiteTeamCountry "GER"]
[BlackTeamCountry "GER"]

1. e4 c5 2. Nf3 e6 3. d4 cxd4 4. Nxd4 Nf6 5. Nc3 Nc6 6. Nb3 Bb4 7. Bd3 d5 8. exd5 Nxd5 9. Bd2 Nxc3 10. Bxc3 Bxc3+ 11. bxc3 O-O 12. O-O e5 13. Re1 Qc7 14. Re3 f5 15. Qh5 Ne7 16. Rae1 e4 17. Bf1 Nd5 18. Rh3 Nf6 19. Qg5 f4 20. Rh4 Qxc3 21. Rd1 f3 22. gxf3 Qxf3 23. Rd6 Qf5 24. Qg3 Nh5 25. Qe3 Nf4 26. Rxf4 Qg5+ 27. Qg3 Qxf4 28. Bc4+ Be6 29. Bxe6+ Kh8 30. Rd7 Qf6 31. Rxb7 Rad8 32. Bg4 Rd5 33. h4 a5 34. a4 e3 35. Qxe3 Re5 36. Qd2 Qxh4 37. Qd1 Qxf2+ 0-1

[Event "Oberliga Ost A"]
[Site "?"]
[Date "2023.02.05"]
[Round "7.5"]
[White "Boehm, Robert"]
[Black "Huth, Martin"]
[Result "1-0"]
[WhiteElo "2123"]
[BlackElo "1988"]
[PlyCount "69"]
[EventDate "2022.09.18"]
[EventType "team-tourn"]
[EventCountry "GER"]
[WhiteTeam "Halle USV"]
[BlackTeam "Hoyerswerde FVS ASP"]
[WhiteTeamCountry "GER"]
[BlackTeamCountry "GER"]

1. d4 d5 2. Nf3 Nf6 3. c4 e6 4. g3 Be7 5. Bg2 O-O 6. O-O c5 7. cxd5 Nxd5 8. Nc3 Nxc3 9. bxc3 Nc6 10. Bf4 Qa5 11. Qb3 Rd8 12. Rfd1 Bf6 13. Qc4 Bd7 14. Qxc5 Qxc5 15. dxc5 Bxc3 16. Rac1 e5 17. Bg5 f6 18. Rxc3 fxg5 19. Nxg5 Nd4 20. Bd5+ Be6 21. Bxe6+ Nxe6 22. Rxd8+ Nxd8 23. Ne4 Kf7 24. Rd3 Ke7 25. Kg2 Rc8 26. Ra3 a6 27. Rb3 Rc7 28. Kf3 Ne6 29. Ke3 h6 30. h4 g5 31. h5 Rd7 32. Rb6 Nd4 33. Nd6 Ke6 34. Nxb7+ Kf5 35. f3 1-0

[Event "Oberliga Ost A"]
[Site "?"]
[Date "2023.02.05"]
[Round "7.6"]
[White "Hentzgen, Thomas"]
[Black "Jahnel, Guenther"]
[Result "1/2-1/2"]
[WhiteElo "1998"]
[BlackElo "2212"]
[PlyCount "51"]
[EventDate "2022.09.18"]
[EventType "team-tourn"]
[EventCountry "GER"]
[WhiteTeam "Hoyerswerde FVS ASP"]
[BlackTeam "Halle USV"]
[WhiteTeamCountry "GER"]
[BlackTeamCountry "GER"]

1. Nf3 Nf6 2. b3 g6 3. Bb2 Bg7 4. g3 O-O 5. Bg2 d6 6. d4 Nbd7 7. O-O e5 8. dxe5 Ng4 9. c4 Re8 10. Nc3 Ngxe5 11. Qd2 a5 12. Nxe5 Nxe5 13. Rfd1 a4 14. Rac1 axb3 15. axb3 Be6 16. Bd5 Qd7 17. Ra1 Rxa1 18. Rxa1 Bxd5 19. Qxd5 Nc6 20. Rd1 h5 21. Rd2 Qg4 22. f3 Qe6 23. Qxe6 fxe6 24. Nb5 Re7 25. Bxg7 Kxg7 26. Kf2 1/2-1/2

[Event "Oberliga Ost A"]
[Site "?"]
[Date "2023.02.05"]
[Round "7.7"]
[White "Kregelin, Jan"]
[Black "Polzin, Gustav"]
[Result "1/2-1/2"]
[WhiteElo "2118"]
[BlackElo "1828"]
[PlyCount "88"]
[EventDate "2022.09.18"]
[EventType "team-tourn"]
[EventCountry "GER"]
[WhiteTeam "Halle USV"]
[BlackTeam "Hoyerswerde FVS ASP"]
[WhiteTeamCountry "GER"]
[BlackTeamCountry "GER"]

1. e4 c5 2. Nc3 Nc6 3. g3 g6 4. Bg2 Bg7 5. Nge2 e5 6. d3 Nge7 7. O-O O-O 8. Be3 d6 9. Qd2 Rb8 10. a4 a6 11. h3 Nd4 12. Kh2 b5 13. axb5 axb5 14. Nc1 Be6 15. Nd5 Bxd5 16. exd5 Qd7 17. c3 Ndf5 18. Ne2 Ra8 19. Be4 Rxa1 20. Rxa1 Qb7 21. Bg5 f6 22. Be3 Ra8 23. Rxa8+ Qxa8 24. g4 Nxe3 25. Qxe3 Qa2 26. Qd2 Kf7 27. Bg2 f5 28. Nc1 Qa4 29. Bf3 Qf4+ 30. Qxf4 exf4 31. g5 Nc8 32. Ne2 Nb6 33. b3 h6 34. h4 hxg5 35. hxg5 Nd7 36. d4 cxd4 37. cxd4 b4 38. Kg1 Nf8 39. Nxf4 Bxd4 40. Kg2 Bc3 41. Be2 Bd2 42. Nd3 Bxg5 43. Nxb4 Nd7 44. Nd3 Nc5 1/2-1/2

[Event "Oberliga Ost A"]
[Site "?"]
[Date "2023.02.05"]
[Round "7.8"]
[White "Voigt, Anastasia"]
[Black "Heyme, Sibylle"]
[Result "0-1"]
[WhiteElo "1825"]
[BlackElo "1984"]
[PlyCount "100"]
[EventDate "2022.09.18"]
[EventType "team-tourn"]
[EventCountry "GER"]
[WhiteTeam "Hoyerswerde FVS ASP"]
[BlackTeam "Halle USV"]
[WhiteTeamCountry "GER"]
[BlackTeamCountry "GER"]

1. e4 d6 2. d4 Nf6 3. Nc3 g6 4. Be3 c6 5. Qd2 Ng4 6. Bg5 h6 7. Bh4 Bg7 8. h3 Nf6 9. Bd3 Nbd7 10. Nf3 Qc7 11. Bg3 e5 12. Be2 b5 13. a3 a6 14. O-O O-O 15. d5 cxd5 16. exd5 Bb7 17. Nh2 Rac8 18. Bf3 Nb6 19. Rfe1 Nc4 20. Qc1 Nxb2 21. Qxb2 Qxc3 22. Qxc3 Rxc3 23. Ra2 Rfc8 24. Re2 e4 25. Bg4 Rd8 26. Rd2 Bxd5 27. Ra1 Bb7 28. Ra2 d5 29. Be5 Nxg4 30. Nxg4 Bxe5 31. Nxe5 Kg7 32. Ng4 f5 33. Ne3 Kf6 34. a4 Bc6 35. axb5 axb5 36. Ra6 Ke5 37. Ra7 Rd6 38. Ra1 d4 39. Nd1 Rc5 40. Nb2 Bd5 41. Re1 Bc4 42. Nxc4+ bxc4 43. Kf1 g5 44. g3 c3 45. Rdd1 h5 46. Kg1 Kd5 47. Kf1 Kc4 48. Kg1 Re5 49. Kf1 Ree6 50. Kg1 d3 0-1

[Event "Oberliga Ost A"]
[Site "?"]
[Date "2023.02.05"]
[Round "7.1"]
[White "Klimakovs, Sergejs"]
[Black "Stein, Robert"]
[Result "0-1"]
[WhiteElo "2333"]
[BlackElo "2407"]
[PlyCount "62"]
[EventDate "2022.09.18"]
[EventType "team-tourn"]
[EventCountry "GER"]
[WhiteTeam "Halle USV"]
[BlackTeam "Hoyerswerde FVS ASP"]
[WhiteTeamCountry "GER"]
[BlackTeamCountry "GER"]

1. e4 e5 2. Nf3 Nc6 3. d4 exd4 4. Nxd4 Bc5 5. Nb3 Bb4+ 6. c3 Be7 7. f4 d6 8. Bd3 Nh6 9. O-O O-O 10. Nd4 Nxd4 11. cxd4 f5 12. e5 Be6 13. Be3 Ng4 14. Qe2 dxe5 15. dxe5 Nxe3 16. Qxe3 c6 17. Nc3 Qb6 18. Qxb6 axb6 19. Kf2 Rfd8 20. Rfd1 b5 21. Bc2 b4 22. Ne2 Rxd1 23. Bxd1 c5 24. Nc1 c4 25. Bf3 b3 26. Bd1 Bc5+ 27. Ke2 Bd4 28. Rb1 bxa2 29. Ra1 c3 30. bxc3 Bxc3 31. Rxa2 Rxa2+ 0-1

[Event "Oberliga Ost A"]
[Site "?"]
[Date "2023.02.05"]
[Round "7.2"]
[White "Post, Hugo"]
[Black "Pikalow, Michael"]
[Result "1-0"]
[WhiteElo "2208"]
[BlackElo "2006"]
[PlyCount "89"]
[EventDate "2022.09.18"]
[EventType "team-tourn"]
[EventCountry "GER"]
[WhiteTeam "Magdeburg USC"]
[BlackTeam "Loeberitz SG"]
[WhiteTeamCountry "GER"]
[BlackTeamCountry "GER"]

1. e4 c5 2. Nf3 d6 3. d4 cxd4 4. Nxd4 Nf6 5. Nc3 g6 6. Be3 Bg7 7. f3 O-O 8. Qd2 Nc6 9. O-O-O d5 10. Qe1 e5 11. Nxc6 bxc6 12. exd5 Nxd5 13. Bc4 Be6 14. Ne4 Qc7 15. Bc5 Rfd8 16. Qh4 h6 17. g4 Rab8 18. g5 h5 19. Qf2 Qa5 20. Rd3 Nc3 21. Bxe6 Rxd3 22. cxd3 Nxa2+ 23. Bxa2 Qxa2 24. Qc2 f5 25. Nc3 Qa1+ 26. Qb1 Qa5 27. Qa2+ Qxa2 28. Nxa2 Rb5 29. Ba3 Rd5 30. Kc2 Rd4 31. Bc5 Rf4 32. Rf1 e4 33. Be3 exd3+ 34. Kxd3 Ra4 35. Nc3 Rb4 36. Kc2 a5 37. f4 a4 38. Ra1 Kh7 39. Bd2 Bxc3 40. Kxc3 Rb3+ 41. Kc2 Rh3 42. Rh1 h4 43. Bc3 Rf3 44. Rd1 Rxf4 45. Rd8 1-0

[Event "Oberliga Ost A"]
[Site "?"]
[Date "2023.02.05"]
[Round "7.3"]
[White "Haubold, Sebastian Marcel"]
[Black "Rogule, Laura"]
[Result "1/2-1/2"]
[WhiteElo "1956"]
[BlackElo "2257"]
[PlyCount "89"]
[EventDate "2022.09.18"]
[EventType "team-tourn"]
[EventCountry "GER"]
[WhiteTeam "Loeberitz SG"]
[BlackTeam "Magdeburg USC"]
[WhiteTeamCountry "GER"]
[BlackTeamCountry "GER"]

1. e4 c5 2. Nf3 d6 3. d4 cxd4 4. Nxd4 Nf6 5. Nc3 a6 6. Be3 e5 7. Nb3 Be6 8. h3 Nc6 9. f4 exf4 10. Bxf4 d5 11. exd5 Nxd5 12. Nxd5 Qxd5 13. Qxd5 Bxd5 14. O-O-O O-O-O 15. Bd3 Bd6 16. Bf5+ Kc7 17. Bg5 Ne7 18. Rxd5 Nxd5 19. Bxd8+ Rxd8 20. Be4 Ne3 21. Kb1 f5 22. Bf3 Bg3 23. c3 b6 24. Nd4 Rd6 25. Kc1 Bh4 26. Kd2 Nc4+ 27. Kc2 g6 28. b3 Ne5 29. Be2 Kb7 30. Nf3 Nxf3 31. Bxf3+ Kc7 32. Rd1 Re6 33. Rd2 Bg5 34. Re2 Be3 35. Kd3 f4 36. c4 a5 37. Bd5 Re7 38. a3 Kd6 39. Bf3 Kc5 40. Kc3 Bd4+ 41. Kd2 Be3+ 42. Kc3 Kd6 43. Kd3 Bc5 44. Rxe7 Kxe7 45. a4 1/2-1/2

[Event "Oberliga Ost A"]
[Site "?"]
[Date "2023.02.05"]
[Round "7.4"]
[White "Schuetze, Norman"]
[Black "Haubold, Christian Lucas"]
[Result "1-0"]
[WhiteElo "2277"]
[BlackElo "1935"]
[PlyCount "147"]
[EventDate "2022.09.18"]
[EventType "team-tourn"]
[EventCountry "GER"]
[WhiteTeam "Magdeburg USC"]
[BlackTeam "Loeberitz SG"]
[WhiteTeamCountry "GER"]
[BlackTeamCountry "GER"]

1. e4 e5 2. Nf3 Nc6 3. Bb5 a6 4. Ba4 Nf6 5. O-O Be7 6. Re1 b5 7. Bb3 O-O 8. a4 Bb7 9. Nc3 b4 10. Nd5 Na5 11. Ba2 d6 12. Nxe7+ Qxe7 13. d3 Bc8 14. c3 c5 15. Bd2 Rb8 16. cxb4 cxb4 17. d4 Bg4 18. h3 Bh5 19. Qe2 Nc6 20. g4 Bg6 21. Bd5 Na5 22. Bg5 h6 23. Bh4 Rb6 24. Rac1 Re8 25. Qd2 Rbb8 26. Rc2 exd4 27. Qxd4 h5 28. Bxf6 Qxf6 29. Qxf6 gxf6 30. Rc7 Rbc8 31. Rec1 Rxc7 32. Rxc7 hxg4 33. hxg4 Kf8 34. Nh4 Re7 35. Rxe7 Kxe7 36. f3 Kd7 37. Kf2 Nc6 38. Bxc6+ Kxc6 39. Ke3 Kc5 40. b3 d5 41. Ng2 Bh7 42. Nf4 dxe4 43. fxe4 a5 44. Nd3+ Kc6 45. Kd4 Bg8 46. Nb2 Kb6 47. Nc4+ Ka6 48. Nd6 f5 49. gxf5 f6 50. Nc4 Bf7 51. Kc5 Bg8 52. Nd2 Bf7 53. Kd6 Kb6 54. Ke7 Bh5 55. Kxf6 Kc5 56. e5 Kd4 57. Nc4 Kc3 58. Nxa5 Bd1 59. e6 Bxb3 60. Nxb3 Kxb3 61. e7 Kc2 62. e8=Q b3 63. a5 b2 64. Qa4+ Kd2 65. Qb3 Kc1 66. Qc3+ Kb1 67. Ke5 Ka2 68. Qc2 Ka1 69. Qa4+ Kb1 70. Kd4 Kc1 71. Qc4+ Kb1 72. Kc3 Ka1 73. Qa4+ Kb1 74. Qb3 1-0

[Event "Oberliga Ost A"]
[Site "?"]
[Date "2023.02.05"]
[Round "7.6"]
[White "Otikova, Elina"]
[Black "Hanisch, Klaus"]
[Result "0-1"]
[WhiteElo "2103"]
[BlackElo "2069"]
[PlyCount "100"]
[EventDate "2022.09.18"]
[EventType "team-tourn"]
[EventCountry "GER"]
[WhiteTeam "Magdeburg USC"]
[BlackTeam "Loeberitz SG"]
[WhiteTeamCountry "GER"]
[BlackTeamCountry "GER"]

1. e4 Nf6 2. e5 Nd5 3. d4 d6 4. Bc4 c6 5. f4 Bf5 6. Qe2 e6 7. Nf3 Be7 8. O-O O-O 9. Bb3 dxe5 10. fxe5 c5 11. Kh1 Nc6 12. c4 Ndb4 13. dxc5 Bd3 14. Qf2 Bxf1 15. Qxf1 Bxc5 16. Nbd2 Qd3 17. Qd1 Nd4 18. Nxd4 Qxd4 19. Nf3 Qxd1+ 20. Bxd1 Nd3 21. Be2 Nxc1 22. Rxc1 Rfd8 23. h3 Kf8 24. Rf1 h6 25. Rb1 a5 26. Kh2 Bf2 27. g3 Bd4 28. b3 f6 29. exf6 gxf6 30. Kg2 Ke7 31. a3 Bc5 32. b4 axb4 33. axb4 Bd4 34. Nxd4 Rxd4 35. Rb3 Ra2 36. Kf3 f5 37. Bd3 Kf6 38. c5 e5 39. Bb5 Rdd2 40. c6 bxc6 41. Bxc6 Rab2 42. Rxb2 Rxb2 43. b5 Rb3+ 44. Kf2 Kg5 45. Bd7 f4 46. gxf4+ Kxf4 47. Ke2 e4 48. Kf2 Rb2+ 49. Ke1 Ke3 50. Kd1 Rd2+ 0-1

[Event "Oberliga Ost A"]
[Site "?"]
[Date "2023.02.05"]
[Round "7.7"]
[White "Schroeter, Lucas"]
[Black "Boehm, Christian"]
[Result "1/2-1/2"]
[WhiteElo "1882"]
[BlackElo "2077"]
[PlyCount "43"]
[EventDate "2022.09.18"]
[EventType "team-tourn"]
[EventCountry "GER"]
[WhiteTeam "Loeberitz SG"]
[BlackTeam "Magdeburg USC"]
[WhiteTeamCountry "GER"]
[BlackTeamCountry "GER"]

1. e4 c6 2. Nc3 d5 3. Nf3 Bg4 4. h3 Bxf3 5. Qxf3 e6 6. Be2 Bc5 7. O-O Nd7 8. Qg3 Bd4 9. d3 Ne7 10. Kh1 O-O 11. f4 f5 12. Bf3 Nf6 13. e5 Nd7 14. Ne2 Bb6 15. a4 Ng6 16. Bh5 Nh8 17. Be3 Bxe3 18. Qxe3 Qh4 19. Bf3 Nf7 20. Qf2 Qxf2 21. Rxf2 a5 22. Nc3 1/2-1/2

[Event "Oberliga Ost A"]
[Site "?"]
[Date "2023.02.05"]
[Round "7.8"]
[White "Proehl, Holger"]
[Black "Reichert, Thomas"]
[Result "1-0"]
[WhiteElo "2327"]
[BlackElo "1908"]
[PlyCount "93"]
[EventDate "2022.09.18"]
[EventType "team-tourn"]
[EventCountry "GER"]
[WhiteTeam "Magdeburg USC"]
[BlackTeam "Loeberitz SG"]
[WhiteTeamCountry "GER"]
[BlackTeamCountry "GER"]

1. e4 Nf6 2. e5 Nd5 3. Nf3 d6 4. exd6 exd6 5. d4 Be7 6. Be2 O-O 7. O-O Nc6 8. c4 Nb6 9. h3 Bf5 10. Nc3 Bf6 11. b3 Re8 12. Be3 Bg6 13. Qd2 Qd7 14. Rac1 Rad8 15. Rfe1 d5 16. Red1 Ne7 17. c5 Nbc8 18. Bf4 c6 19. Ne5 Bxe5 20. Bxe5 f6 21. Bh2 Bf7 22. b4 a6 23. a4 Ng6 24. b5 axb5 25. axb5 Nce7 26. Ra1 Ra8 27. Ra2 Rxa2 28. Qxa2 Nf8 29. Ra1 Nf5 30. Qd2 Ne6 31. Bg4 Nh6 32. b6 Nxg4 33. hxg4 h6 34. f3 Bg6 35. Kf2 Qc8 36. Bd6 Qd7 37. Ne2 h5 38. gxh5 Bxh5 39. Qd3 Kf7 40. Qf5 Bg6 41. Qg4 Qc8 42. Ra7 Bd3 43. Nf4 Bc2 44. Ra2 Bb3 45. Qg6+ Kg8 46. Nh5 Kh8 47. Ra1 1-0

[Event "Oberliga Ost A"]
[Site "?"]
[Date "2023.02.05"]
[Round "7.1"]
[White "Mazur, Stefan"]
[Black "Burian, Simon"]
[Result "1-0"]
[WhiteElo "2440"]
[BlackElo "2145"]
[PlyCount "93"]
[EventDate "2022.09.18"]
[EventType "team-tourn"]
[EventCountry "GER"]
[WhiteTeam "Loeberitz SG"]
[BlackTeam "Magdeburg USC"]
[WhiteTeamCountry "GER"]
[BlackTeamCountry "GER"]

1. e4 c6 2. Nf3 d5 3. d3 Nd7 4. exd5 cxd5 5. d4 Ngf6 6. Bd3 g6 7. O-O Bg7 8. Re1 O-O 9. c3 b6 10. Bf4 Bb7 11. Nbd2 Re8 12. h3 a6 13. a4 e6 14. Qe2 Qc8 15. Qe3 Bc6 16. Bh6 Bh8 17. Qf4 Qb7 18. b4 b5 19. a5 Nh5 20. Qh2 Nhf6 21. Qf4 Nh5 22. Qh4 Qc7 23. Ng5 Qf4 24. Qxh5 Qxd2 25. Qf3 Bf6 26. Nxh7 Qxh6 27. Nxf6+ Nxf6 28. Qxf6 Bd7 29. Re3 Qg7 30. Qf4 Rec8 31. Bf1 Rc6 32. Rd1 Re8 33. Qg3 Qf6 34. h4 Qh8 35. Qg5 Qg7 36. h5 f6 37. Qxg6 Qxg6 38. hxg6 Kg7 39. Rdd3 Kxg6 40. Rh3 e5 41. Rdg3+ Kf5 42. Rg7 Rd6 43. Rh5+ Ke4 44. Rh4+ Kf5 45. g3 exd4 46. Bh3+ Ke5 47. cxd4# 1-0

[Event "Oberliga Ost A"]
[Site "?"]
[Date "2023.02.05"]
[Round "7.2"]
[White "Kunze, Carlo"]
[Black "Fuchs, Florian"]
[Result "1/2-1/2"]
[WhiteElo "2286"]
[BlackElo "2338"]
[PlyCount "98"]
[EventDate "2022.09.18"]
[EventType "team-tourn"]
[EventCountry "GER"]
[WhiteTeam "Reichenbrand SV Eiche"]
[BlackTeam "Plauen SK Koenig"]
[WhiteTeamCountry "GER"]
[BlackTeamCountry "GER"]

1. d4 d5 2. c4 c6 3. Nc3 Nf6 4. cxd5 cxd5 5. Bf4 Nc6 6. e3 a6 7. Bd3 Bg4 8. Nge2 e6 9. O-O Bd6 10. f3 Bh5 11. Rc1 Bg6 12. Na4 Bxd3 13. Qxd3 Bxf4 14. Nxf4 O-O 15. Nc5 Qe7 16. Qb3 Na5 17. Qc3 Nc4 18. b3 Nd6 19. Nfd3 Rfc8 20. Qd2 Rc7 21. Na4 Rac8 22. Nb6 Rxc1 23. Rxc1 Rc7 24. Rc5 Rxc5 25. Nxc5 Qc7 26. Nba4 h5 27. Nd3 Nf5 28. Nac5 a5 29. Ne5 b6 30. Ncd3 h4 31. Nf2 Nd6 32. Nfd3 Nb5 33. a4 Nd6 34. Qc1 Qxc1+ 35. Nxc1 Kf8 36. Kf2 Ke7 37. Ke2 g5 38. Na2 Nfe8 39. Nc3 Nc7 40. g3 hxg3 41. hxg3 f6 42. Nd3 Nf7 43. Nf2 e5 44. Kd3 f5 45. g4 f4 46. e4 Ke6 47. exd5+ Nxd5 48. Nfe4 Ne3 49. Nb5 Nd5 1/2-1/2

[Event "Oberliga Ost A"]
[Site "?"]
[Date "2023.02.05"]
[Round "7.3"]
[White "Fischer, Edwin"]
[Black "Hoerr, Matthias"]
[Result "1/2-1/2"]
[WhiteElo "2222"]
[BlackElo "2071"]
[PlyCount "115"]
[EventDate "2022.09.18"]
[EventType "team-tourn"]
[EventCountry "GER"]
[WhiteTeam "Plauen SK Koenig"]
[BlackTeam "Reichenbrand SV Eiche"]
[WhiteTeamCountry "GER"]
[BlackTeamCountry "GER"]

1. d4 Nf6 2. Nf3 e6 3. Bg5 h6 4. Bh4 c5 5. c3 b6 6. e3 Bb7 7. Nbd2 Be7 8. h3 cxd4 9. cxd4 O-O 10. Bd3 Nc6 11. O-O Nb4 12. Be2 Ne4 13. Bxe7 Qxe7 14. Nxe4 Bxe4 15. a3 Nd5 16. Nd2 Bh7 17. Bf3 Rac8 18. Rc1 Bd3 19. Re1 Nf6 20. Qb3 Bg6 21. Rc3 d5 22. Rec1 Qb7 23. Be2 Rfd8 24. Qa4 Qb8 25. Qa6 Rxc3 26. Rxc3 Ne8 27. Nf3 f6 28. Bd3 Bxd3 29. Qxd3 Rc8 30. h4 Nd6 31. Qc2 Rxc3 32. Qxc3 Qc8 33. Qxc8+ Nxc8 34. h5 Nd6 35. b3 Ne4 36. Kf1 f5 37. Ke2 Kf8 38. Ne5 Nf6 39. Ng6+ Ke8 40. Nf4 Kd7 41. Kd3 Kd6 42. f3 Nd7 43. Kc3 Nb8 44. Nd3 Nc6 45. b4 a6 46. a4 Ke7 47. Ne5 Kd6 48. f4 Nxe5 49. dxe5+ Kc7 50. Kd4 a5 51. b5 Kd7 52. Kd3 Ke7 53. Ke2 Kf7 54. Kf3 g6 55. hxg6+ Kxg6 56. Kg3 h5 57. Kh4 Kh6 58. Kh3 1/2-1/2

[Event "Oberliga Ost A"]
[Site "?"]
[Date "2023.02.05"]
[Round "7.4"]
[White "Sandner, Gunter"]
[Black "Laemmel, Sebastian"]
[Result "1-0"]
[WhiteElo "2226"]
[BlackElo "2121"]
[PlyCount "151"]
[EventDate "2022.09.18"]
[EventType "team-tourn"]
[EventCountry "GER"]
[WhiteTeam "Reichenbrand SV Eiche"]
[BlackTeam "Plauen SK Koenig"]
[WhiteTeamCountry "GER"]
[BlackTeamCountry "GER"]

1. Nf3 Nf6 2. d4 g6 3. g3 Bg7 4. Bg2 d5 5. O-O O-O 6. c4 c6 7. cxd5 cxd5 8. Nc3 Ne4 9. Bf4 Nc6 10. Ne5 Nxc3 11. bxc3 Bf5 12. Qb3 Nxe5 13. Bxe5 e6 14. Bxg7 Kxg7 15. Qxb7 Qa5 16. c4 Rab8 17. Qe7 Rfe8 18. Qc5 Qxc5 19. dxc5 Rbc8 20. cxd5 exd5 21. Bxd5 Rxe2 22. Bf3 Re5 23. c6 Be4 24. Rfe1 f5 25. Rac1 Re6 26. Bxe4 fxe4 27. c7 Re7 28. Kg2 h5 29. h4 Kf6 30. Rc4 Rcxc7 31. Rxc7 Rxc7 32. Rxe4 Rc5 33. Ra4 a5 34. Kf3 Ke6 35. Kf4 Rf5+ 36. Ke3 Rb5 37. f3 Rc5 38. g4 hxg4 39. fxg4 Rb5 40. Kf4 Kf6 41. Rc4 Rb2 42. Rc6+ Kg7 43. a4 Rd2 44. Rc4 Kf6 45. g5+ Ke6 46. Rc6+ Kf7 47. Rf6+ Kg7 48. Ke5 Ra2 49. Rf4 Rd2 50. Ke6 Kg8 51. Kf6 Rd6+ 52. Ke5 Rd1 53. Rd4 Rf1 54. Rd5 Kf7 55. Rd7+ Kf8 56. Ke6 Rf4 57. Rd5 Rxa4 58. Kf6 Rf4+ 59. Kxg6 Rxh4 60. Rf5+ Ke7 61. Rxa5 Rg4 62. Kg7 Rg1 63. g6 Ke6 64. Ra6+ Ke7 65. Kg8 Rb1 66. Kg7 Rb8 67. Ra1 Rb4 68. Re1+ Kd7 69. Kf7 Rf4+ 70. Kg8 Rg4 71. g7 Rg3 72. Re4 Rg2 73. Kf7 Rf2+ 74. Kg6 Rg2+ 75. Kf6 Rg1 76. Re5 1-0